000 00533nam a22001937a 4500
003 KOHA_MİRAKIL
005 20250409145908.0
008 250409b tu ||||| |||| 00| 0 tur d
020 _a9786050823424
040 _aTR-AnABB
_btur
_cTR-AnABB
041 _atur
082 _a813.42
_bCEL 2023
100 1 _aÇeleğen, Nuriye,
245 1 0 _aAşk-ı sükun /
_cNuriye Çeleğen
260 _aİstanbul :
_bTimaş Yayınları,
_c2023
300 _a211 sayfa ;
_c21 cm
650 0 4 _aTürk edebiyatı, roman
942 _2ddc
_cBK
999 _c8613
_d8613
900 _bGizem YORULMAZ